000
00206 a2200097 4500
001
2923
100
_a
Sharma, B.M.
245
_a
Woman & Education
260
_a
_b
Commonwealth pub
_c
090
_c
2216
_d
2216
942
_a
NUST-CAE
_c
M
_c
13514
999
_c
237996
_d
237996